Everything Pope - Statistics

General Stats
  • This quiz has been taken 6 times
  • The average score is 5 of 16
Answer Stats
Question Answer % Correct
Who is the current Pope? Francis
100%
How many popes came from the Medici family? Four
67%
How many popes came from the Borgia family? Three
67%
How old was he? (plus 290 days on top of the years) 79
50%
What's the vehicle of the Pope called? (in English) Popemobile
50%
What was the color of the papal slippers and shoes before Francis went Black?* Red
50%
How old was he? 20
33%
Who was the first Pope? St. Peter
33%
What's the opposite of the Pope? (a protest of sorts) Antipope
0%
Who was the oldest pope elected? Clement X
0%
Name the third "power family" producing a lot of popes. Hint: C Conti
0%
What did the Bostonian traditionally do during Pope Night? (name one activity) drinking, rioting, anti-elite protests
0%
Name the three most popular papal names in order. John Gregory Benedict
0%
Who was the youngest pope elected? (known age, no guessing) John XI
0%
According to legend, what does the papal tiara bear? Number of the Beast
0%
Which Pope only served for 13 days? Urban VII
0%
No matching quizzes found
Score Distribution
Percent of People with Each Score
Percentile by Number Answered
Your Score History
You have not taken this quiz